Other voices, other rooms / (Record no. 200468059)

MARC details
000 -LEADER
fixed length control field 01939cam a2200481 i 4500
001 - CONTROL NUMBER
control field 200468059
003 - CONTROL NUMBER IDENTIFIER
control field TR-AnTOB
005 - DATE AND TIME OF LATEST TRANSACTION
control field 20260413095644.0
007 - PHYSICAL DESCRIPTION FIXED FIELD--GENERAL INFORMATION
fixed length control field ta
008 - FIXED-LENGTH DATA ELEMENTS--GENERAL INFORMATION
fixed length control field 260413t19781948enk 000 1 eng
010 ## - LIBRARY OF CONGRESS CONTROL NUMBER
LC control number 77377277
020 ## - INTERNATIONAL STANDARD BOOK NUMBER
International Standard Book Number 0140021353
Qualifying information (paperback)
035 ## - SYSTEM CONTROL NUMBER
System control number (CLU)696996-ucladb-Voyager
System control number (OCoLC)00621593
System control number (OCoLC)ocm00621593
System control number (EXLNZ-01UCS_NETWORK)9913072792106531
System control number (TR-AnTOB)200468059
040 ## - CATALOGING SOURCE
Original cataloging agency DLC
Language of cataloging eng
Description conventions rda
Transcribing agency DLC
Modifying agency BAKER
-- BTCTA
-- OCLCG
-- NMC
-- TXCUE
-- OCLCO
-- OCLCF
-- OCLCQ
-- OCLCO
-- JDP
-- OCLCO
-- NJR
-- ZQP
-- OCLCO
-- OCL
-- OCLCO
-- OCLCL
-- ZCU
-- OCLCL
-- OCLCO
-- TR-AnTOB
041 0# - LANGUAGE CODE
Language code of text/sound track or separate title İngilizce
043 ## - GEOGRAPHIC AREA CODE
Geographic area code n-usu--
050 04 - LIBRARY OF CONGRESS CALL NUMBER
Classification number PS3505.A59
Item number O8 1978
090 ## - LOCALLY ASSIGNED LC-TYPE CALL NUMBER (OCLC); LOCAL CALL NUMBER (RLIN)
Classification number (OCLC) (R) ; Classification number, CALL (RLIN) (NR) PS3505.A59
Local cutter number (OCLC) ; Book number/undivided call number, CALL (RLIN) O8 1978
100 1# - MAIN ENTRY--PERSONAL NAME
Personal name Capote, Truman,
Dates associated with a name 1924-1984
Relator term author
Relator code aut
Authority record control number or standard number http://id.loc.gov/authorities/names/n79104227
9 (RLIN) 53170
245 10 - TITLE STATEMENT
Title Other voices, other rooms /
Statement of responsibility, etc. Truman Capote.
264 #1 - PRODUCTION, PUBLICATION, DISTRIBUTION, MANUFACTURE, AND COPYRIGHT NOTICE
Place of production, publication, distribution, manufacture Harmondsworth ;
Name of producer, publisher, distributor, manufacturer Penguin Books,
Date of production, publication, distribution, manufacture, or copyright notice 1978.
Date of production, publication, distribution, manufacture, or copyright notice ©1948
300 ## - PHYSICAL DESCRIPTION
Extent 173 pages ;
Dimensions 18 cm
336 ## - CONTENT TYPE
Content type term text
Content type code txt
Source rdacontent
337 ## - MEDIA TYPE
Media type term unmediated
Media type code n
Source rdamedia
338 ## - CARRIER TYPE
Carrier type term volume
Carrier type code nc
Source rdacarrier
520 ## - SUMMARY, ETC.
Summary, etc. A novel describing the abnormal maturing of a loveless thirteen-year-old boy who goes to live with his father in a run-down Louisiana mansion peopled with eccentric characters.
650 #0 - SUBJECT ADDED ENTRY--TOPICAL TERM
Topical term or geographic name entry element Boys
Form subdivision Fiction
9 (RLIN) 35002
Topical term or geographic name entry element Friendship
Form subdivision Fiction
9 (RLIN) 64919
Topical term or geographic name entry element Stepmothers
Form subdivision Fiction
9 (RLIN) 153571
Topical term or geographic name entry element Mothers
General subdivision Death
Form subdivision Fiction
9 (RLIN) 85977
651 #0 - SUBJECT ADDED ENTRY--GEOGRAPHIC NAME
Geographic name Southern States
Form subdivision Fiction
9 (RLIN) 153572
655 #7 - INDEX TERM--GENRE/FORM
Genre/form data or focus term Bildungsromans
Source of term lcgft
Authority record control number http://id.loc.gov/authorities/genreForms/gf2014026243
9 (RLIN) 5156
Genre/form data or focus term Fiction
Source of term lcgft
Authority record control number http://id.loc.gov/authorities/genreForms/gf2014026339
9 (RLIN) 151487
Genre/form data or focus term Novels
Source of term lcgft
Authority record control number http://id.loc.gov/authorities/genreForms/gf2015026020
9 (RLIN) 153321
942 ## - ADDED ENTRY ELEMENTS (KOHA)
Source of classification or shelving scheme Library of Congress Classification
Koha item type Book
Holdings
Withdrawn status Lost status Source of classification or shelving scheme Damaged status Not for loan Collection code Home library Current library Shelving location Date acquired Source of acquisition Inventory number Total Checkouts Full call number Barcode Date last seen Copy number Date shelved Koha item type Public note
    Library of Congress Classification Kullanılmış / Used Ödünç Verilemez-Kurumiçi kullanım / Not for loan-For inhouse use Genel Koleksiyon Tıp Fakültesi Medikal Kütüphane Tıp Fakültesi Medikal Kütüphane Genel Koleksiyon / Main Collection 18/03/2026 Bağış / Donation İDE   PS3505.A59 O8 1978 TıpFaK TF03051 13/04/2026 1 13/04/2026 Book Donated by Prof. Dr. Şükrü Cin
Devinim Yazılım Eğitim Danışmanlık tarafından Koha'nın orjinal sürümü uyarlanarak geliştirilip kurulmuştur.